000
00341nam a22001457a 4500
020
_a
978-93-88173-84-1
041
_a
ENG
100
_a
Sharma R.K
245
_a
Ready Reconer for ICAR-ALEEA UG
260
_a
New Delhi
_b
Actral
_c
2019
300
_a
835
650
_a
Competitive Exam
700
_a
Chavan .U.D
856
_u
Competitive Exam
999
_c
215
_d
215